Mega trudne pytania z geografii-część 2 - Statystyki

Ogólne statystyki
  • Ten quiz został rozwiązany 874 razy
  • Średni wynik to 3 z 16
Statystyki odpowiedzi
Wskazówka Poziom Odpowiedź % Poprawnych
W jakim kraju znajduje się najstarsze jezioro świata 80 Rosja
71%
Manhattanhenge to zjawisko, podczas którego słońce ustawia się idealnie wzdłuż ulic położonych na osi wschód. W jakim kraju można zaobserwować to zjawisko? 75 USA
69%
W jakim kraju znajduje się góra Stóg położona w Rumunii (nie Rumunia)............? 100 Ukraina
35%
Jaki kraj zamieszkuje plemię Korowai? (budują domy na drzewach) 85 Papua-Nowa Gwinea
25%
Najbliżej jakiego państwa leży miasto Hum? (najmniejsze miasto świata) 90 Słowenia
23%
W jakim kraju występuje zwierzę ''Kondor''? 105 Ekwador
15%
Motto ''wolność'' 150 San Marino
15%
Gdzie znajduje się 3 największy wodospad na świecie? 95 Peru
12%
W jakim kraju uprawia się najwięcej bawełny nie licząc USA ani Chin 140 Uzbekistan
12%
Gdzie znajduje się ''Łza Europy'' 115 Czarnogóra
10%
Najgrubsze drzewo świata znajduje się w...... 125 Meksyk
9%
Najmniejszy wulkan świata znajduje się w..... 120 Meksyk
8%
W jakim kraju jest największy stalagmit? 110 Francja
7%
Jaki kraj jest najbardziej narażony na katastrofy lawinowe? 130 Afganistan
6%
Jaki kraj ma najbardziej zbliżoną średnią długość życia do Polski? 135 Katar
6%
Który kraj ma 161km linii brzegowej? 145 Brunei
5%
Nie znaleziono quizów pasujących do podanych kryteriów
Rozkład punktacji
Procent ludzi z każdym wynikiem
Percentyl według liczby udzielonych odpowiedzi
Twoja historia wyników
Nie rozwiązałeś tego quizu